Jóvenes trabajadores, jóvenes luchadores: reflexiones sobre experiencias contemporáneas /
সংরক্ষণ করুন:
| প্রধান লেখক: | |
|---|---|
| বিন্যাস: | পাঠ্য |
| ট্যাগগুলো: |
ট্যাগ যুক্ত করুন
কোনো ট্যাগ নেই, প্রথমজন হিসাবে ট্যাগ করুন!
|
MARC
| LEADER | 00000 a a2200000 04500 | ||
|---|---|---|---|
| 001 | 45801 | ||
| 003 | |||
| 040 | |||
| 100 | |a Otero, Analia | ||
| 245 | |a Jóvenes trabajadores, jóvenes luchadores: |b reflexiones sobre experiencias contemporáneas / |c Analia Otero | ||
| 773 | |g número32 (2010), páginas 163-177 | ||
| 999 | |c 18487 |d 18487 | ||
